[Event "Budapest FS02 Schev"]
[Site "Budapest"]
[Date "2023.02.07"]
[Round "4"]
[White "Monduk, Ferenc"]
[Black "Szalanczy, Emil"]
[Result "1/2-1/2"]
[WhiteElo "1859"]
[BlackElo "2007"]
[PlyCount "89"]
[EventDate "2023.02.04"]
[EventType "schev"]
[EventRounds "9"]
[EventCountry "HUN"]
[SourceTitle "EXT 2024"]
[Source "ChessBase"]
[SourceDate "2023.10.10"]
[SourceVersion "1"]
[SourceVersionDate "2023.10.10"]
[SourceQuality "1"]
[WhiteTeam "Team Lower Elo"]
[BlackTeam "Team Higher Elo"]
[WhiteTeamCountry "HUN"]
[BlackTeamCountry "HUN"]

1. d4 Nf6 2. c4 c5 3. e3 g6 4. Nf3 Bg7 5. Nc3 0-0 6. Be2 d6 7. 0-0 Bf5 8. b3 Ne4 9. Nxe4 Bxe4 10. Bb2 Nc6 11. Qd2 Bf6 12. Rfd1 b6 13. dxc5 dxc5 14. Bxf6 exf6 15. Qc3 Qe7 16. Nd2 Bf5 17. Bf3 Rac8 18. Bd5 Rfe8 19. Nf3 Bg4 20. h3 Bxf3 21. Bxf3 Qe5 22. Rac1 Rcd8 23. Rxd8 Rxd8 24. Qxe5 Nxe5 25. Bd5 Kf8 26. Rc3 Ke7 27. f4 Nd7 28. e4 Nf8 29. Kf2 Ne6 30. Ke3 h5 31. Bxe6 fxe6 32. Rd3 Rg8 33. Kf3 g5 34. f5 e5 35. Rd1 Rb8 36. Rd5 a6 37. g3 Rc8 38. Ke3 b5 39. Kd3 b4 40. Kc2 a5 41. Kb2 Rc7 42. Kc2 Rc8 43. Kb2 Rc7 44. Kc2 Rc8 45. Kb2 1/2-1/2

[Event "Budapest FS12 Nadassy"]
[Site "Budapest"]
[Date "2022.12.05"]
[Round "3"]
[White "Farago, Sandor"]
[Black "Monduk, Ferenc"]
[Result "1-0"]
[WhiteElo "2103"]
[BlackElo "1884"]
[PlyCount "47"]
[EventDate "2022.12.03"]
[EventType "schev"]
[EventRounds "9"]
[EventCountry "HUN"]
[SourceTitle "EXT 2024"]
[Source "ChessBase"]
[SourceDate "2023.10.10"]
[SourceVersion "1"]
[SourceVersionDate "2023.10.10"]
[SourceQuality "1"]
[WhiteTeam "A Team Higher Elo"]
[BlackTeam "B Team Lower Elo"]
[WhiteTeamCountry "HUN"]
[BlackTeamCountry "HUN"]

1. e4 e6 2. d4 d5 3. Nc3 Nf6 4. e5 Nfd7 5. f4 c5 6. Nf3 Nc6 7. Be3 a6 8. Qd2 b5 9. dxc5 Bxc5 10. Nd1 Qb6 11. c3 Bxe3 12. Nxe3 Nc5 13. Bd3 Bb7 14. Bc2 Rd8 15. 0-0 Ne4 16. Qe2 Ne7 17. Nd4 Nc6 18. Rad1 b4 19. Bxe4 dxe4 20. Nc4 Qa7 21. Nd6+ Ke7 22. Qh5 Rhf8 23. Qg5+ Kd7 24. Nxb7 1-0

[Event "Budapest FS12 Nadassy"]
[Site "Budapest"]
[Date "2022.12.03"]
[Round "1"]
[White "Szalanczy, Emil"]
[Black "Monduk, Ferenc"]
[Result "1/2-1/2"]
[WhiteElo "1990"]
[BlackElo "1884"]
[PlyCount "204"]
[EventDate "2022.12.03"]
[EventType "schev"]
[EventRounds "9"]
[EventCountry "HUN"]
[SourceTitle "EXT 2024"]
[Source "ChessBase"]
[SourceDate "2023.10.10"]
[SourceVersion "1"]
[SourceVersionDate "2023.10.10"]
[SourceQuality "1"]
[WhiteTeam "A Team Higher Elo"]
[BlackTeam "B Team Lower Elo"]
[WhiteTeamCountry "HUN"]
[BlackTeamCountry "HUN"]

1. e4 e6 2. d4 d5 3. Nc3 Nf6 4. e5 Nfd7 5. f4 c5 6. Nf3 Nc6 7. Be3 a6 8. Ne2 cxd4 9. Nexd4 Bc5 10. c3 0-0 11. Bd3 Nxd4 12. cxd4 Be7 13. 0-0 f5 14. Kh1 Nb6 15. b3 Bd7 16. a4 Rc8 17. Bd2 Qe8 18. Ba5 Na8 19. Qd2 Qh5 20. Rfc1 h6 21. Be2 Qf7 22. Bb4 Rxc1+ 23. Rxc1 Rc8 24. Bd6 Bd8 25. h4 Qe8 26. Kh2 Nb6 27. Rg1 Rc6 28. Bd3 Nc8 29. Bc5 Qh5 30. Qf2 Ne7 31. Be2 Qf7 32. Ne1 Kh8 33. h5 b6 34. Bb4 Rc1 35. Qe3 Rc7 36. Qh3 a5 37. Bd2 Nc6 38. Be3 Nb4 39. Bd2 Nc6 40. Qd3 Qe7 41. g3 Nb4 42. Qb1 Nc6 43. Nc2 Be8 44. Kg2 Na7 45. Ne3 Rc8 46. Rh1 b5 47. Qa2 bxa4 48. bxa4 Nc6 49. Nc2 Bb6 50. Qb2 Qa7 51. Be3 Rb8 52. Bb5 Ne7 53. Na3 Nc6 54. Nc2 Ne7 55. Bxe8 Rxe8 56. Na3 Rc8 57. Nb5 Qa6 58. Rc1 Rxc1 59. Qxc1 Qc8 60. Qa3 Bd8 61. Bf2 Qd7 62. Nd6 Nc6 63. Qc5 Nb4 64. Nb5 Kg8 65. Qd6 Qxd6 66. Nxd6 Nd3 67. g4 fxg4 68. Be3 Nb2 69. Kg3 Nxa4 70. Kxg4 Nb2 71. f5 exf5+ 72. Kxf5 a4 73. Nb5 Nc4 74. Bc1 Be7 75. Ke6 a3 76. Nc3 Bb4 77. Na2 Bd2 78. Kxd5 Bxc1 79. Kxc4 Bb2 80. e6 Kf8 81. d5 Ke7 82. Nb4 Kf6 83. Kb3 Be5 84. Kxa3 Bd6 85. Kb3 g6 86. hxg6 Kxg6 87. Nd3 h5 88. Kc4 h4 89. Nf2 Kf6 90. Kd4 Kf5 91. Kc4 Ke5 92. Nh3 Be7 93. Nf2 Bd6 94. Nd3+ Kf5 95. Kb5 h3 96. Kc6 h2 97. Nf2 Be7 98. Kd7 Bc5 99. e7 Bxf2 100. e8Q h1Q 101. Qf7+ Ke5 102. Qxf2 Qxd5+ 1/2-1/2

[Event "Budapest FS11 Nadassy"]
[Site "Budapest"]
[Date "2022.11.05"]
[Round "1"]
[White "Farago, Sandor"]
[Black "Monduk, Ferenc"]
[Result "1-0"]
[WhiteElo "2104"]
[BlackElo "1861"]
[PlyCount "51"]
[EventDate "2022.11.05"]
[EventType "schev"]
[EventRounds "9"]
[EventCountry "HUN"]
[SourceTitle "CBM 211 Extra"]
[Source "ChessBase"]
[SourceDate "2023.01.31"]
[SourceVersion "1"]
[SourceVersionDate "2023.01.31"]
[SourceQuality "1"]
[WhiteTeam "Team Higher Elo"]
[BlackTeam "Team Lower Elo"]
[WhiteTeamCountry "HUN"]
[BlackTeamCountry "HUN"]

1. e4 e6 2. d4 d5 3. e5 c5 4. c3 Nc6 5. Nf3 Nge7 6. Na3 cxd4 7. cxd4 Nf5 8. Nc2 Be7 9. Bd3 0-0 10. 0-0 f6 11. g4 fxe5 12. dxe5 Nh4 13. Nxh4 Bxh4 14. f4 Be7 15. Be3 b6 16. b4 Bb7 17. b5 Na5 18. Bd4 Bc5 19. Qe2 Qe7 20. Rad1 Rac8 21. Rf2 Qh4 22. Rdf1 Nc4 23. f5 exf5 24. Bxf5 Rce8 25. Bxc5 bxc5 26. Be6+ 1-0

[Event "Budapest FS03 Nadassy"]
[Site "Budapest"]
[Date "2022.03.09"]
[Round "5"]
[White "Hradeczky, Tamas"]
[Black "Monduk, Ferenc"]
[Result "1/2-1/2"]
[WhiteElo "1873"]
[BlackElo "1828"]
[PlyCount "31"]
[EventDate "2022.03.05"]
[EventType "tourn"]
[EventRounds "10"]
[EventCountry "HUN"]
[SourceTitle "EXT 2023"]
[Source "ChessBase"]
[SourceDate "2022.10.05"]
[SourceVersion "1"]
[SourceVersionDate "2022.10.05"]
[SourceQuality "1"]
[WhiteTeam "Team Higher Elo"]
[BlackTeam "Team Lower Elo"]
[WhiteTeamCountry "HUN"]
[BlackTeamCountry "HUN"]

1. e4 e6 2. d4 d5 3. Nd2 Nf6 4. e5 Nfd7 5. c3 c5 6. Bd3 Nc6 7. Ne2 cxd4 8. cxd4 f6 9. exf6 Nxf6 10. Nf3 Bd6 11. 0-0 0-0 12. Bg5 Be7 13. Bf4 Bd6 14. Bg5 Be7 15. Bf4 Bd6 16. Bg5 1/2-1/2

[Event "Budapest FS03 Nadassy"]
[Site "Budapest"]
[Date "2022.03.07"]
[Round "3"]
[White "Poor, Sandor"]
[Black "Monduk, Ferenc"]
[Result "1-0"]
[WhiteElo "1966"]
[BlackElo "1828"]
[PlyCount "101"]
[EventDate "2022.03.05"]
[EventType "tourn"]
[EventRounds "10"]
[EventCountry "HUN"]
[SourceTitle "EXT 2023"]
[Source "ChessBase"]
[SourceDate "2022.10.05"]
[SourceVersion "1"]
[SourceVersionDate "2022.10.05"]
[SourceQuality "1"]
[WhiteTeam "Team Higher Elo"]
[BlackTeam "Team Lower Elo"]
[WhiteTeamCountry "HUN"]
[BlackTeamCountry "HUN"]

1. d4 Nf6 2. c4 g6 3. Nc3 Bg7 4. e4 0-0 5. Be2 d6 6. Be3 e5 7. d5 Nbd7 8. h4 Nc5 9. Bxc5 dxc5 10. h5 Ne8 11. Qd2 Nd6 12. Nf3 Qf6 13. h6 Bh8 14. Qe3 b6 15. 0-0-0 Bg4 16. Nd2 Bd7 17. g3 Qe7 18. f3 a5 19. a4 f5 20. Nb5 Bxb5 21. cxb5 Qf6 22. Rdf1 f4 23. Qg1 Qe7 24. g4 Rad8 25. Bc4 Rd7 26. g5 Rdd8 27. Rf2 Rd7 28. Qg4 Re8 29. Bf1 Rdd8 30. Kb1 Qd7 31. Qh4 Qe7 32. Bh3 Nb7 33. Rc1 Nd6 34. Rg2 Qf7 35. Qe1 Kf8 36. Qg1 Nb7 37. Nc4 Re7 38. Rd2 Nd6 39. Nxa5 bxa5 40. Rxc5 Nb7 41. Rc3 Ra8 42. Rdc2 Nd8 43. b6 cxb6 44. d6 Rb7 45. Qd1 b5 46. Rc8 Rbb8 47. R2c7 Rxc8 48. Bxc8 Rxc8 49. Rxc8 Ke8 50. Rc7 Qe6 51. Re7+ 1-0

[Event "Budapest FS03 Nadassy"]
[Site "Budapest"]
[Date "2022.03.05"]
[Round "1"]
[White "Szalanczy, Emil"]
[Black "Monduk, Ferenc"]
[Result "1-0"]
[WhiteElo "2064"]
[BlackElo "1828"]
[PlyCount "87"]
[EventDate "2022.03.05"]
[EventType "tourn"]
[EventRounds "10"]
[EventCountry "HUN"]
[SourceTitle "EXT 2023"]
[Source "ChessBase"]
[SourceDate "2022.10.05"]
[SourceVersion "1"]
[SourceVersionDate "2022.10.05"]
[SourceQuality "1"]
[WhiteTeam "Team Higher Elo"]
[BlackTeam "Team Lower Elo"]
[WhiteTeamCountry "HUN"]
[BlackTeamCountry "HUN"]

1. e4 e6 2. Nf3 d5 3. e5 Ne7 4. h4 Nd7 5. d4 c5 6. c3 Nc6 7. a3 cxd4 8. cxd4 f6 9. Bd3 Qb6 10. Nc3 fxe5 11. dxe5 Ncxe5 12. Nxe5 Nxe5 13. Qh5+ Nf7 14. Bb5+ Ke7 15. Qe2 Qd6 16. Bf4 e5 17. Rd1 Be6 18. 0-0 g6 19. Rxd5 Bxd5 20. Rd1 Rd8 21. Nxd5+ Qxd5 22. Rxd5 Rxd5 23. Bc4 Rc5 24. b4 Rxc4 25. Qxc4 exf4 26. Qe4+ Kd8 27. Qxf4 Ke7 28. Qc7+ Ke6 29. Qxb7 Bd6 30. g3 Bb8 31. Qe4+ Kf6 32. Qd4+ Ke7 33. Qe3+ Kf6 34. Qc3+ Ke7 35. Kg2 Rd8 36. a4 Bd6 37. b5 Kf8 38. a5 Rb8 39. Qc6 Ke7 40. Qe4+ Kf8 41. Qd5 Ke7 42. b6 a6 43. Qe4+ Kd7 44. Qc4 1-0

[Event "Budapest FS02 Nadassy"]
[Site "Budapest"]
[Date "2022.02.15"]
[Round "10"]
[White "Karacsonyi, Luca"]
[Black "Monduk, Ferenc"]
[Result "1/2-1/2"]
[WhiteElo "1789"]
[BlackElo "1848"]
[PlyCount "98"]
[EventDate "2022.02.05"]
[EventType "schev"]
[EventRounds "10"]
[EventCountry "HUN"]
[SourceTitle "EXT 2023"]
[Source "ChessBase"]
[SourceDate "2022.10.05"]
[SourceVersion "1"]
[SourceVersionDate "2022.10.05"]
[SourceQuality "1"]
[WhiteTeam "B Team Lower Elo"]
[BlackTeam "A Team Higher Elo"]
[WhiteTeamCountry "HUN"]
[BlackTeamCountry "HUN"]

1. e4 e6 2. d4 d5 3. Nd2 Nf6 4. e5 Nfd7 5. Bd3 c5 6. c3 Nc6 7. Ne2 cxd4 8. cxd4 f6 9. exf6 Nxf6 10. Nf3 Bd6 11. 0-0 0-0 12. Bf4 Bxf4 13. Nxf4 Qd6 14. g3 e5 15. dxe5 Nxe5 16. Nxe5 Qxe5 17. Qb3 Kh8 18. Rac1 b6 19. Rfd1 Bg4 20. Re1 Qd6 21. Bf1 Rae8 22. Bg2 Be6 23. Rcd1 Bg8 24. Rxe8 Rxe8 25. Qa4 Re7 26. Qd4 Re8 27. Qd3 d4 28. a3 Rd8 29. Ne2 Qc5 30. b4 Qf8 31. Nxd4 Ng4 32. Qf3 Qxf3 33. Bxf3 Ne5 34. Be2 Bc4 35. Bxc4 Nxc4 36. Re1 Nxa3 37. Nc6 Ra8 38. Nxa7 Nc2 39. Re4 Nxb4 40. Rxb4 Rxa7 41. Rxb6 h6 42. h4 Kh7 43. h5 Ra5 44. g4 Ra4 45. Rg6 Kg8 46. f3 Ra2 47. g5 Kh7 48. gxh6 gxh6 49. Rg4 Rb2 1/2-1/2

[Event "Budapest FS02 Nadassy"]
[Site "Budapest"]
[Date "2022.02.09"]
[Round "5"]
[White "Monduk, Ferenc"]
[Black "Karacsonyi, Luca"]
[Result "0-1"]
[WhiteElo "1848"]
[BlackElo "1789"]
[PlyCount "52"]
[EventDate "2022.02.05"]
[EventType "schev"]
[EventRounds "10"]
[EventCountry "HUN"]
[SourceTitle "EXT 2023"]
[Source "ChessBase"]
[SourceDate "2022.10.05"]
[SourceVersion "1"]
[SourceVersionDate "2022.10.05"]
[SourceQuality "1"]
[WhiteTeam "A Team Higher Elo"]
[BlackTeam "B Team Lower Elo"]
[WhiteTeamCountry "HUN"]
[BlackTeamCountry "HUN"]

1. d4 d5 2. c4 dxc4 3. Nf3 a6 4. e3 Nf6 5. Bxc4 e6 6. 0-0 c5 7. Nc3 Nbd7 8. b3 b5 9. Bd3 Bb7 10. Qe2 Bd6 11. h3 Rc8 12. Bb2 0-0 13. Rfd1 Qb6 14. Rd2 Rfd8 15. Rad1 h6 16. Bb1 cxd4 17. Rxd4 Bxf3 18. Qxf3 Be5 19. R4d3 Qb8 20. R1d2 Re8 21. Rxd7 Bxc3 22. Bxc3 Rxc3 23. R7d3 Rc7 24. g3 e5 25. Rd6 Rc1+ 26. Rd1 Rxb1 0-1

[Event "Budapest FS12 Nadassy"]
[Site "Budapest"]
[Date "2021.12.11"]
[Round "7.2"]
[White "Monduk, Ferenc"]
[Black "Jaivardhan, Raja Pilla"]
[Result "0-1"]
[WhiteElo "1780"]
[BlackElo "1865"]
[PlyCount "110"]
[EventDate "2021.12.04"]
[EventType "schev"]
[EventRounds "10"]
[EventCountry "HUN"]
[SourceTitle "CBM 205 Extra"]
[Source "ChessBase"]
[SourceDate "2022.01.31"]
[SourceVersion "1"]
[SourceVersionDate "2022.01.31"]
[SourceQuality "1"]
[WhiteTeam "A Team Higher Elo"]
[BlackTeam "B Team Lower Elo"]
[WhiteTeamCountry "HUN"]
[BlackTeamCountry "HUN"]

1. d4 d5 2. c4 c6 3. Nf3 Nf6 4. Nc3 a6 5. cxd5 cxd5 6. e3 Nc6 7. Bd3 Bg4 8. 0-0 e6 9. Be2 Bd6 10. Nd2 Bxe2 11. Qxe2 h5 12. Nf3 Ne4 13. Nxe4 dxe4 14. Nd2 f5 15. f3 exf3 16. Nxf3 Qf6 17. Qd3 Rd8 18. Kh1 Qg6 19. Qb3 Rd7 20. Bd2 0-0 21. Nh4 Qf7 22. d5 Nd8 23. dxe6 Qxe6 24. Qxe6+ Nxe6 25. Nxf5 Bf4 26. Nd4 Nxd4 27. exf4 Nc2 28. Bc3 Nxa1 29. Rxa1 Rxf4 30. h3 b5 31. a3 Rf2 32. Re1 Kf7 33. Re5 g6 34. Kg1 Rf5 35. Re2 h4 36. Bb4 Rd1+ 37. Be1 g5 38. g3 Rd3 39. gxh4 Rxh3 40. Kg2 Rd3 41. Rc2 gxh4 42. Bxh4 Rfd5 43. Rf2+ Ke8 44. Bf6 Rd2 45. Bc3 Rxf2+ 46. Kxf2 Kd7 47. Ke2 Kc6 48. b3 Kb6 49. b4 Kc6 50. Bb2 Rh5 51. Kd3 Kd5 52. Bc1 Rh3+ 53. Be3 Rxe3+ 54. Kxe3 Kc4 55. a4 Kxb4 0-1

[Event "Budapest FS12 Nadassy"]
[Site "Budapest"]
[Date "2021.12.05"]
[Round "2.2"]
[White "Jaivardhan, Raja Pilla"]
[Black "Monduk, Ferenc"]
[Result "0-1"]
[WhiteElo "1865"]
[BlackElo "1780"]
[PlyCount "238"]
[EventDate "2021.12.04"]
[EventType "schev"]
[EventRounds "10"]
[EventCountry "HUN"]
[SourceTitle "CBM 205 Extra"]
[Source "ChessBase"]
[SourceDate "2022.01.31"]
[SourceVersion "1"]
[SourceVersionDate "2022.01.31"]
[SourceQuality "1"]
[WhiteTeam "B Team Lower Elo"]
[BlackTeam "A Team Higher Elo"]
[WhiteTeamCountry "HUN"]
[BlackTeamCountry "HUN"]

1. e4 e6 2. d4 d5 3. Nd2 Nf6 4. e5 Nfd7 5. f4 c5 6. c3 Nc6 7. Ndf3 cxd4 8. cxd4 f6 9. Bd3 fxe5 10. fxe5 Bb4+ 11. Bd2 Qa5 12. Nh3 Bxd2+ 13. Qxd2 Nf8 14. Qxa5 Nxa5 15. Rc1 Bd7 16. 0-0 Nc6 17. Nf4 Ke7 18. Nh5 Rg8 19. h4 Be8 20. Nf4 g6 21. Kf2 h6 22. Nh3 Nd7 23. Ke3 Nb6 24. Nf2 g5 25. hxg5 hxg5 26. g4 Bg6 27. b3 Bxd3 28. Nxd3 Rg7 29. Rh1 Rag8 30. Rh6 Nd7 31. Rch1 Nd8 32. Rh7 Nf8 33. R7h5 Nd7 34. R1h2 Rg6 35. Rh7+ R8g7 36. Rxg7+ Rxg7 37. Rh5 Nf7 38. Nf2 Nf8 39. Rh1 Kd7 40. Nd3 b6 41. b4 Kc8 42. Rf1 Ng6 43. Rc1+ Kb7 44. b5 Ne7 45. Rh1 Ng6 46. Rh5 Nf8 47. Rh2 Ng6 48. Nf2 Nf8 49. Nh3 Nh7 50. Nd2 Nf8 51. Rf2 Nd7 52. Nf1 Rh7 53. Ng1 Rg7 54. Rh2 a6 55. a4 a5 56. Rc2 Nd8 57. Nd2 Nf8 58. Ndf3 Nh7 59. Nh3 Rg8 60. Kf2 Rg6 61. Kg3 Rg7 62. Rc1 Rg8 63. Rf1 Nf7 64. Rh1 Rg7 65. Rc1 Nd8 66. Rf1 Nf7 67. Nfg1 Nd8 68. Ne2 Rc7 69. Rc1 Rxc1 70. Nxc1 Kc7 71. Nd3 Kd7 72. Kf3 Nf7 73. Ke3 Kc7 74. Kd2 Nh6 75. Nhf2 Nf8 76. Ke3 Ng6 77. Kf3 Nh4+ 78. Kg3 Ng6 79. Nh3 Nf7 80. Ne1 Nf8 81. Nc2 Ng6 82. Ne3 Ne7 83. Ng1 Kd7 84. Ne2 Ng6 85. Nf1 Ke7 86. Kh3 Kd7 87. Nfg3 Nf8 88. Nh5 Nh7 89. Ng1 Ke7 90. Nf3 Nh6 91. Kg3 Kf7 92. Nd2 Ng8 93. Nb3 Ne7 94. Nc5 bxc5 95. dxc5 Ng6 96. c6 Ke7 97. b6 Nxe5 98. c7 Kd7 99. Ng7 Nc4 100. Nxe6 Nxb6 101. Nc5+ Kxc7 102. Nb3 Nc4 103. Kf3 Kb6 104. Ke2 Nf6 105. Kf3 Nb2 106. Nd4 Nxa4 107. Ne6 Ne4 108. Ke3 Nac5 109. Nd4 a4 110. Nc2 Nb3 111. Na3 Kc5 112. Nc2 Nf6 113. Kf3 Nd4+ 114. Nxd4 Kxd4 115. Kg3 a3 116. Kf3 a2 117. Kg3 a1Q 118. Kf3 Qh1+ 119. Kg3 Ne4# 0-1

[Event "Budapest FS11 Nadassy"]
[Site "Budapest"]
[Date "2021.11.14"]
[Round "8"]
[White "Poor, Sandor"]
[Black "Monduk, Ferenc"]
[Result "1-0"]
[WhiteElo "1955"]
[BlackElo "1787"]
[PlyCount "89"]
[EventDate "2021.11.06"]
[EventType "schev"]
[EventRounds "12"]
[EventCountry "HUN"]
[SourceTitle "EXT 2023"]
[Source "ChessBase"]
[SourceDate "2022.10.05"]
[SourceVersion "1"]
[SourceVersionDate "2022.10.05"]
[SourceQuality "1"]
[WhiteTeam "A Team Higher Elo"]
[BlackTeam "B Team Lower Elo"]
[WhiteTeamCountry "HUN"]
[BlackTeamCountry "HUN"]

1. d4 Nf6 2. c4 g6 3. Nc3 Bg7 4. e4 d6 5. Be2 0-0 6. Be3 e5 7. d5 Na6 8. h4 Nc5 9. Bxc5 dxc5 10. h5 h6 11. Qc2 gxh5 12. Nf3 Re8 13. 0-0-0 a6 14. Kb1 Bd7 15. Bd3 Rb8 16. Ne2 b5 17. Ng3 bxc4 18. Bxc4 Bg4 19. Rd3 Rb6 20. Nh4 Bf8 21. f3 Bd7 22. Nhf5 Bb5 23. Nxh5 Nxh5 24. Rxh5 Bxc4 25. Qxc4 Qf6 26. Rb3 Reb8 27. g4 Rb4 28. Rxb4 Rxb4 29. Qc3 Rb6 30. a3 Rb7 31. Ka2 Qb6 32. Ne3 Bg7 33. Nc4 Qb5 34. g5 hxg5 35. Rxg5 f6 36. Rg2 Kf8 37. Ne3 Kf7 38. Rc2 Bf8 39. Nc4 Rb8 40. b3 Be7 41. f4 exf4 42. Qh3 a5 43. a4 Qb4 44. e5 Rg8 45. Qe6+ 1-0

[Event "Budapest FS05 Nadassy"]
[Site "Budapest"]
[Date "2021.05.07"]
[Round "6.2"]
[White "Csontos, Aron"]
[Black "Monduk, Ferenc"]
[Result "1-0"]
[WhiteElo "1809"]
[BlackElo "1824"]
[PlyCount "79"]
[EventDate "2021.05.01"]
[EventType "schev"]
[EventRounds "10"]
[EventCountry "HUN"]
[SourceTitle "CBM 202 Extra"]
[Source "ChessBase"]
[SourceDate "2021.07.31"]
[SourceVersion "1"]
[SourceVersionDate "2021.07.31"]
[SourceQuality "1"]
[WhiteTeam "Weaker Row"]
[BlackTeam "Stronger Row"]
[WhiteTeamCountry "HUN"]
[BlackTeamCountry "HUN"]

1. e4 e6 2. d4 d5 3. Nd2 Nf6 4. e5 Nfd7 5. Bd3 c5 6. c3 Nc6 7. Ngf3 cxd4 8. cxd4 f6 9. exf6 Nxf6 10. a3 Bd6 11. 0-0 0-0 12. Re1 Re8 13. Nf1 e5 14. dxe5 Nxe5 15. Nxe5 Bxe5 16. Ng3 Bd7 17. Rb1 Rc8 18. Nf5 Qb6 19. Be3 d4 20. Bxd4 Bxd4 21. Rxe8+ Rxe8 22. Nxd4 Kh8 23. Bf5 Bxf5 24. Nxf5 Qc5 25. Ne3 h6 26. Qc2 Qb6 27. Qg6 Rxe3 28. fxe3 Qxe3+ 29. Kh1 Ne4 30. h3 Ng3+ 31. Kh2 Ne2 32. Qd6 Qf2 33. Qd8+ Kh7 34. Qd3+ Kg8 35. Qf3 Qxf3 36. gxf3 Nd4 37. Kg3 Nc6 38. Rd1 b6 39. Rd7 Kf8 40. Rc7 1-0

[Event "Budapest FS05 Nadassy"]
[Site "Budapest"]
[Date "2021.05.01"]
[Round "1.2"]
[White "Monduk, Ferenc"]
[Black "Csontos, Aron"]
[Result "0-1"]
[WhiteElo "1824"]
[BlackElo "1809"]
[PlyCount "63"]
[EventDate "2021.05.01"]
[EventType "schev"]
[EventRounds "10"]
[EventCountry "HUN"]
[SourceTitle "CBM 202 Extra"]
[Source "ChessBase"]
[SourceDate "2021.07.31"]
[SourceVersion "1"]
[SourceVersionDate "2021.07.31"]
[SourceQuality "1"]
[WhiteTeam "Stronger Row"]
[BlackTeam "Weaker Row"]
[WhiteTeamCountry "HUN"]
[BlackTeamCountry "HUN"]

1. d4 d5 2. c4 e6 3. Nc3 Nf6 4. Nf3 Be7 5. e3 0-0 6. Bd3 b6 7. cxd5 exd5 8. 0-0 Bb7 9. Re1 Nbd7 10. Qc2 Re8 11. Bd2 a6 12. e4 dxe4 13. Nxe4 Nxe4 14. Bxe4 Bxe4 15. Rxe4 Nf6 16. Rh4 Bf8 17. Bf4 Bd6 18. Ne5 h6 19. Qb3 Bxe5 20. Bxe5 Nd7 21. Bg3 Qe7 22. h3 Nf6 23. Be5 Nd7 24. Rf4 Nxe5 25. dxe5 Qe6 26. Qxe6 Rxe6 27. Rc1 c5 28. Re4 f5 29. Re2 f4 30. Rd1 Rae8 31. Rd5 Kf7 32. Re4 0-1

[Event "Budapest FS11 Nadassy"]
[Site "Budapest"]
[Date "2020.11.13"]
[Round "6.3"]
[White "Farago, Sandor"]
[Black "Monduk, Ferenc"]
[Result "1-0"]
[WhiteElo "2190"]
[BlackElo "1846"]
[PlyCount "73"]
[EventDate "2020.11.07"]
[EventType "team-schev"]
[EventRounds "12"]
[EventCountry "HUN"]
[SourceTitle "CBM 199 Extra"]
[Source "ChessBase"]
[SourceDate "2021.01.31"]
[SourceVersion "1"]
[SourceVersionDate "2021.01.31"]
[SourceQuality "1"]
[WhiteTeam "Team 1"]
[BlackTeam "Team 2"]
[WhiteTeamCountry "HUN"]
[BlackTeamCountry "HUN"]

1. e4 e6 2. d4 d5 3. Nc3 dxe4 4. Nxe4 Nd7 5. Nf3 Ngf6 6. Bd3 Be7 7. Qe2 a6 8. Bd2 b6 9. Ne5 Bb7 10. Nxf7 Kxf7 11. Ng5+ Ke8 12. Nxe6 Qb8 13. Bf4 b5 14. 0-0-0 Kf7 15. Nxc7 Re8 16. Qe6+ Kf8 17. Qh3 Kg8 18. Rhe1 Nf8 19. Bf5 Qd8 20. Nxe8 Nxe8 21. Kb1 Bd5 22. Be5 Nd6 23. Bd3 Nf7 24. f4 Qa5 25. b3 Bb4 26. Re3 Bc3 27. Bxh7+ Nxh7 28. Rxc3 Be6 29. Qf3 Rd8 30. Kb2 Nxe5 31. dxe5 Rxd1 32. Qxd1 Nf8 33. Qd6 Bd7 34. Rc7 Bf5 35. Qe7 Ne6 36. Qf7+ Kh8 37. Rc8+ 1-0

[Event "Budapest FS03 Nadassy"]
[Site "Budapest"]
[Date "2020.03.17"]
[Round "10.1"]
[White "Monduk, Ferenc"]
[Black "Mayer, Istvan"]
[Result "1-0"]
[WhiteElo "1843"]
[BlackElo "1924"]
[PlyCount "39"]
[EventDate "2020.03.07"]
[EventType "team-tourn"]
[EventRounds "12"]
[EventCountry "HUN"]
[SourceTitle "CBM 195 Extra"]
[Source "ChessBase"]
[SourceDate "2020.05.31"]
[SourceVersion "1"]
[SourceVersionDate "2020.05.31"]
[SourceQuality "1"]
[WhiteTeam "B Team Lower Elo"]
[BlackTeam "A Team Higher Elo"]
[WhiteTeamCountry "HUN"]
[BlackTeamCountry "HUN"]

1. d4 d5 2. c4 dxc4 3. Nf3 Nf6 4. e3 a6 5. Bxc4 b5 6. Bb3 e6 7. 0-0 Bb7 8. Bc2 c5 9. dxc5 Qxd1 10. Rxd1 Bxc5 11. a4 b4 12. Nbd2 Nc6 13. Nb3 Ba7 14. Nbd4 Rc8 15. Bd3 0-0 16. Bd2 Nd7 17. Nxc6 Rxc6 18. Bxb4 Rd8 19. Be4 Bc5 20. Rac1 1-0

[Event "Budapest FS03 Nadassy"]
[Site "Budapest"]
[Date "2020.03.13"]
[Round "6.1"]
[White "Mayer, Istvan"]
[Black "Monduk, Ferenc"]
[Result "1-0"]
[WhiteElo "1924"]
[BlackElo "1843"]
[PlyCount "43"]
[EventDate "2020.03.07"]
[EventType "team-tourn"]
[EventRounds "12"]
[EventCountry "HUN"]
[SourceTitle "CBM 195 Extra"]
[Source "ChessBase"]
[SourceDate "2020.05.31"]
[SourceVersion "1"]
[SourceVersionDate "2020.05.31"]
[SourceQuality "1"]
[WhiteTeam "A Team Higher Elo"]
[BlackTeam "B Team Lower Elo"]
[WhiteTeamCountry "HUN"]
[BlackTeamCountry "HUN"]

1. e4 e6 2. d4 d5 3. Nd2 Nf6 4. e5 Nfd7 5. f4 c5 6. c3 Nc6 7. Ndf3 cxd4 8. cxd4 f6 9. Bd3 Be7 10. Ne2 0-0 11. 0-0 Qb6 12. Kh1 f5 13. a3 Na5 14. Nc3 Qc6 15. Rb1 Nc4 16. Qc2 b6 17. g4 Nb8 18. gxf5 exf5 19. Nxd5 Bd8 20. Qxc4 Qb7 21. Nxb6+ Kh8 22. Nxa8 1-0